La tolerancia cristiana en el mundo de hoy
Guardado en:
| Autor principal: | |
|---|---|
| Formato: | Libro |
| Lenguaje: | español |
| Publicado: |
Santiago
Paulinas
1964
|
| Materias: | |
| Etiquetas: |
Agregar Etiqueta
Sin Etiquetas, Sea el primero en etiquetar este registro!
|
MARC
| LEADER | 00000cam a2200000 a 4500 | ||
|---|---|---|---|
| 001 | UCY6983 | ||
| 003 | CL-VaPUC | ||
| 008 | 950602e19641200CL |||||||||||||||||spa|d | ||
| 082 | 0 | 4 | |a 323.442 |b MUÑ |2 21 |
| 100 | |a Muñoz, Ronaldo |e autor |9 598545 | ||
| 245 | 1 | 3 | |a La tolerancia cristiana en el mundo de hoy |
| 246 | 1 | 3 | |a La posición de la Iglesia frente a la libertad religiosa |
| 300 | |a 47 p | ||
| 942 | |c BK | ||
| 945 | |d 19950602 00:00:00 |a cmena | ||
| 260 | |a Santiago |b Paulinas |c 1964 | ||
| 650 | 0 | |a Religión |9 255164 | |
| 650 | 0 | |a Iglesia |9 255004 | |
| 650 | 0 | |a Libre albedrío |9 334583 | |
| 650 | 0 | |a Cristianismo |9 257361 | |
| 650 | 0 | |a Teología |9 258766 | |
| 650 | 0 | |a Conciencia |9 309452 | |
| 650 | 0 | |a Sociedad |9 307903 | |
| 583 | |a last modification |c 20160407 12:32:58 |k Rodrigo Vera | ||
| 999 | |c 234460 |d 234458 | ||
| 952 | |0 0 |1 0 |4 0 |6 323_442000000000000_MUÑ_1964 |7 0 |8 P |9 240798 |a BIBEDU |b BIBEDU |c BIBEDU_PB |d 2019-11-18 |i 1515551 |o 323.442 MUÑ 1964 |p 1515551 |r 2024-01-25 |w 2019-11-18 |y BK |k EDU | ||
| 952 | |0 0 |1 0 |3 erb |4 0 |6 323_442000000000000_MUÑ_1964 |7 0 |8 X |9 240799 |a BIBTEO |b BIBTEO |c TEO_FFR |i 5220459 |o 323.442 MUÑ 1964 |p 5220459 |r 2024-01-18 |w 2019-11-18 |y BK_X |z Catalogado en:20160407 |k OFM | ||